00741aas a2200205 4500952009000000999001700090001001000107003001000117005001700127008004100144022001400185040004100199041000800240245006300248300004500311520008900356650001300445773006900458942000800527 001040708HEMaFUSBCbFUSBCd2016-01-26l0o r2016-01-26 00:00:00w2016-01-26yANA c63486d63486768714001CO-MdFUSB20171025101841.0171025s2010 ck ||||| |||| 00| 0 spa d a2145-8197 aCO-MdFUSBbspacCO-MdFUSBdCO-MdFUSB aspa 0aTurbay dicta polémico estatuto de seguridadc/ El Tiempo aNúmero 7 (2010), página 16c: 28 cm.1 aBusca enfrentar al enemigo interno y es criticado por organismos de derechos humanos14aHISTORIA0 tdk100049432959932gNúmero 7 (2010), página 16qPágina 16 cANA